| 000 | 00561ngm a2200181 4500 | ||
|---|---|---|---|
| 008 | b fr fre u | ||
| 040 | _aLB-BrCRDP | ||
| 082 | 1 |
_a551.2 _bDec |
|
| 100 | 1 | _aD., Decoberq | |
| 245 | 1 | 3 |
_aLe volcan:Vidéocassette _cD. Decoberq, Pascal Faure, P. Lavina |
| 260 |
_aSarreguemines _bPierron Image |
||
| 300 |
_aDurée: 15 mn _bVHS Secam-Vidéogramme didactique - notice |
||
| 490 | 0 | _aVolcan à ciel ouvert | |
| 700 | 1 | _aPascal, Faure | |
| 700 | 1 | _aP., Lavina | |
| 942 | _cVM | ||
| 999 |
_c8865 _d8865 |
||